Central Library OPAC University of Rajshahi

Marwar and the Mughal emperors (A. D. 1526-1748) / (Record no. 26515)

MARC details
000 -LEADER
fixed length control field 00861nam a22002652a 4500
001 - CONTROL NUMBER
control field 26515
003 - CONTROL NUMBER IDENTIFIER
rucl marc code BD-RjUL
005 - DATE AND TIME OF LATEST TRANSACTION
control field 20211209051028.0
008 - FIXED-LENGTH DATA ELEMENTS--GENERAL INFORMATION
fixed length control field 140322s1966 ii b 001 0 eng u
035 ## - SYSTEM CONTROL NUMBER
System control number (BD-RjUL)26585
040 ## - CATALOGING SOURCE
Original cataloging agency OSU
Modifying agency EQO
-- BD-RjUL
Language of cataloging eng
Transcribing agency BD-RjUL
041 0# - LANGUAGE CODE
Language code of text/sound track or separate title engraj
082 ## - DEWEY DECIMAL CLASSIFICATION NUMBER
Classification number 954.4025
Author mark and year BHM 1966
100 1# - MAIN ENTRY--PERSONAL NAME
Personal name Bhargava, Visheshwar Sarup,
Dates associated with a name 1930-
9 (RLIN) 81559
245 10 - TITLE STATEMENT
Title Marwar and the Mughal emperors (A. D. 1526-1748) /
Statement of responsibility, etc. V.S. Bhargava
250 ## - EDITION STATEMENT
Edition statement 1st ed.
260 ## - PUBLICATION, DISTRIBUTION, ETC. (IMPRINT)
Place of publication, distribution, etc. Delhi :
Name of publisher, distributor, etc. Munshiram Manoharlal,
Date of publication, distribution, etc. 1966.
300 ## - PHYSICAL DESCRIPTION
Pagination xiv, 228 p. :
Illustrations fold. map ;
Size 23 cm
500 ## - GENERAL NOTE
General note Selected documents in Rajasthani: p. 178-193
502 ## - DISSERTATION NOTE
Dissertation note Thesis--University of Rajasthan
504 ## - BIBLIOGRAPHY, ETC. NOTE
Bibliography, etc Includex Bibliography: p. [198]-216 and index.
651 #0 - SUBJECT ADDED ENTRY--GEOGRAPHIC NAME
Geographic name Jodhpur, India (State)
General subdivision History
9 (RLIN) 81560
942 ## - ADDED ENTRY ELEMENTS (KOHA)
Source of classification or shelving scheme Dewey Decimal Classification
Koha item type Books
Holdings
Lost status Source of classification or shelving scheme Damaged status Not for loan Collection code Permanent Location Current Location Shelving location Date acquired Source of acquisition Cost, normal purchase price Total Checkouts Full call number Date last seen Copy number Koha item type
  Dewey Decimal Classification   Added to bundle Non-fiction Central Library, University of Rajshahi Central Library, University of Rajshahi Reading Room 24/06/1974 India Govt Gift. 0.00   954.4025 BHM 1966 22/03/2014 C-1 Books